000 01146nam0a2200349 4500
001 RU\NLR\bibl\217742
005 20250619103059.0
010 _a5-7805-0769-4
_93000
020 _aRU
_b01-46101
_9Книжная летопись
021 _aRU
_b2001-26921
_91287
035 _a(NLR Aleph) 000213832
090 _a1241723
_c1241723
100 _a20011221d2001 |||y0rusy50 ca
101 0 _arus
102 _aRU
105 _aa |||||||||
200 1 _aТеннис
_eШк. чемпион. игры и подгот.
_fСемен Белиц-Гейман
210 _aМ.
_cАСТ-пресс
_d2001
215 _a223 с.
_cил.
_d27
606 0 _aТеннис
_xТехника
_91741571
_3RU\NLR\auth\661075272
610 0 _aТеннис
675 _a796.342
_v3
_zrus
686 _a77
_2rugasnti
686 _a75.577
_2rubbk
686 _aЧ515.771.1
700 1 _4070
_7ca
_8rus
_aБелиц-Гейман
_bС. П.
_f1921-2000
_gСемен Павлович
_9269148
_3RU\NLR\AUTH\770269204
801 0 _aRU
_bRKP
_c20011221
_gPSBO
801 1 _aRU
_bRKP
_c20011221
801 2 _aRU
_bNLR
_c20020306
_grcr
942 _cBOOK
980 _aNB